| 000 | 01188nam a22002537a 4500 | ||
|---|---|---|---|
| 001 | 8064 | ||
| 003 | FISKH | ||
| 005 | 20250820110136.0 | ||
| 008 | 250820b cb ||||| |||| 00| 0 eng d | ||
| 020 | _a9788128618529 | ||
| 040 |
_aFISKH _beng _cFISKH _dFISKH |
||
| 050 | _aPZ7 | ||
| 100 | _aBlyton, Enid | ||
| 245 |
_aMr Sparks's clever fire engine / _cBy Enid Blyton |
||
| 260 |
_aNew York : _bHarperCollinsChildren’sBooks , _c1999. |
||
| 300 |
_a16 pages : _bcolor illustrations ; _c26 cm . |
||
| 490 | _aNoddy in Toyland | ||
| 505 | _aJ | ||
| 520 | _aNoddy is the most popular and enduring creation of one of this century’s most successful children’s writers. Join him in his latest adventure, in which Toyland is in danger from a fire. Mr Sparks is polishing his fire engine when its bell starts to ring! He’s sure it’s trying to tell him something, but Mr Plod tells him not to be silly: “Fire engines can’t ring their bells by themselves!” But Mr Plod is proved wrong when the clever fire engine helps to prevent a Toy Town disaster… | ||
| 521 | 8 |
_a500
_bLexile estimate |
|
| 521 | 8 |
_aJ
_bRaz-Plus |
|
| 942 |
_2ddc _cBK _n0 |
||
| 999 |
_c8064 _d8064 |
||